| 000 | 00993pam a2200301 a 4500 | ||
|---|---|---|---|
| 001 | 015874692 | ||
| 003 | OSt | ||
| 005 | 20201128021037.0 | ||
| 008 | 110818t2012 at a frbd 001 0 eng d | ||
| 020 | _a9781111534103 (pbk.) | ||
| 020 | _a1111534101 (pbk.) | ||
| 040 |
_aStDuBDS _beng _cStDuBDS _dUk |
||
| 082 | 0 | 4 |
_a174.9004 _222 _bREY |
| 100 | 1 |
_aReynolds, George Walter, _d1944- _911346 |
|
| 245 | 1 | 0 |
_aEthics in information technology / _cGeorge W. Reynolds. |
| 250 |
_a4th ed., _binternational ed. |
||
| 260 |
_a[Canberra] : _bCourse Technology, Cengage Learning, _cc.2012. |
||
| 300 |
_axxi, 498 p. : _bill. ; _c23 cm. |
||
| 500 | _aIncludes appendix. | ||
| 500 | _aGlossary : p. 461-471. | ||
| 500 | _aIndex : p. 473-498. | ||
| 504 | _aIncludes bibliographical references. | ||
| 650 | 0 |
_aBusiness ethics _91146 |
|
| 650 | 0 |
_aInformation technology _xMoral and ethical aspects _935753 |
|
| 653 |
_bCOMSCI _cMarch2014 |
||
| 655 |
_vreading book _934232 |
||
| 942 |
_2ddc _k174.9004 REY |
||
| 999 |
_c18146 _d18118 |
||